Efficiency of complex methods for numerical solutions of some problems of continuum mechanics

Bibliographic Details
Main Authors: Sergey M. Aleynikov (Author), Alexander V. Stromov (Author)
Format: Article
Language:English
ISBN:8096882333

MARC

LEADER 00000naa a2200000uu 4500
001 vtls011062309
003 SK-MaSNL
005 20260302112132.0
008 210906|2003 xo |||||||||||||||||eng|
015 |a SNBRA 
035 |a (urnnbn)urn:nbn:sk:snk:ar-a0c3nv 
035 |a (uuid)d1767bae-f5de-499a-ba69-45736dd11efb 
035 |a urn:nbn:sk:snk-aava5y 
040 |a SNKBUCL  |b slo  |c SNKBUCL  |e AACR2 
041 0 |a eng 
044 |a xo  |c SK 
100 1 |a Sergey M. Aleynikov  |4 aut  |9 790673 
245 1 0 |a Efficiency of complex methods for numerical solutions of some problems of continuum mechanics  |c Sergey M. Aleynikov, Alexander V. Stromov 
700 1 |a Alexander V. Stromov  |4 aut  |9 790674 
773 0 |t NMCM 2003  |d Žilina : University of Žilina, 2003  |g S. 19-20  |z 8096882333 
958 |a OND 
958 |a article12 
958 |a chapter 
999 |c 1250331  |d 1252261